Score 0/21 Timer 02:00
0 Plays Today
Clue 4-Letter Word % Correct
Like a lemonSOUR
86.9%
Bambi, The Yearling, and Harry Potter's Patronus, e.g.DEER
86.7%
Precious or fondDEAR
84.5%
Bat at a fly buzzing around your headSWAT
84.4%
Utter speech, like a drunkardSLUR
83.5%
Team from MiamiHEAT
83.3%
Castor, Pollux, Ashley or Mary-Kate, e.g.TWIN
82.9%
Skinny as a railTHIN
81.6%
A pile of thingsHEAP
81.3%
A small offshoot of a branchTWIG
80.7%
Raise childrenREAR
80.5%
Clue 4-Letter Word % Correct
Do the job of an usherSEAT
79.2%
One mouthful of a drinkSWIG
78.6%
Harvest a cropREAP
78.4%
Jay Leno has a prominent one of thisCHIN
77.9%
Spoils or lootSWAG
72.8%
A person of actionDOER
70.3%
Gloomy or unyieldingDOUR
69%
To smudgeBLUR
64.9%
The 'B' in ROYGBIVBLUE
41.8%
Potato or poker followerCHIP
37.1%

Today's Daily Dose

Remove Ads.
Support Sporcle.
Get the best of Sporcle when you Go Orange. This ad-free experience offers more features, more stats, and more fun while also helping to support Sporcle. Thank you for becoming a member.

You're not logged in!

Compare scores with friends on all Sporcle quizzes.
OR
Log In

Show Comments

Extras

Top Quizzes Today


Score Distribution

Your Account Isn't Verified!

In order to create a playlist on Sporcle, you need to verify the email address you used during registration. Go to your Sporcle Settings to finish the process.

Report this User

Report this user for behavior that violates our Community Guidelines.

Details: